| 000 | 01545cam a2200433 a 4500 | ||
|---|---|---|---|
| 001 | 3333328 | ||
| 003 | OSt | ||
| 005 | 20140425154307.0 | ||
| 006 | m o d | ||
| 007 | cr zn| | ||
| 008 | 020503s2002 maua sb 001 0 eng d | ||
| 020 | _z155558229X (pbk. : alk. paper) | ||
| 035 | _a(CtWfDGI)bks00001868 | ||
| 035 | _a(NNC)3333328 | ||
| 040 |
_aCtWfDGI _cCtWfDGI |
||
| 050 | 1 | 4 |
_aHE7551 _b.V59 2002b |
| 082 | 0 | 4 |
_a004.6/92 _221 |
| 100 | 1 |
_aVixie, Paul A. _926477 |
|
| 245 | 1 | 0 |
_aSendmail : _btheory and practice, second edition _h[electronic resource] / _cPaul A. Vixie, Frederick M. Avolio. |
| 246 | 3 | _aSend mail | |
| 250 | _a2nd ed. | ||
| 256 | _aComputer document. | ||
| 260 |
_aWoburn, Mass. : _bDigital Press/Butterworth-Heinemann, _c2002 _e(Norwood, Mass. : _fBooks24x7.com [generator]) |
||
| 500 | _aTitle from title screen. | ||
| 504 | _aIncludes bibliographical references and index. | ||
| 516 | _aText. | ||
| 530 | _aAvailable also in a print ed. | ||
| 538 | _aMode of access: Internet via World Wide Web. | ||
| 550 | _aDigitized and made available by: Books 24x7.com. | ||
| 630 | 0 | 0 |
_aSendmail. _926478 |
| 650 | 0 |
_aElectronic mail systems. _926479 |
|
| 650 | 0 |
_aMail receiving and forwarding services _xComputer programs. _926480 |
|
| 655 | 7 |
_aElectronic books. _2lcsh _926481 |
|
| 700 | 1 |
_aAvolio, Frederick M. _4aut _926482 |
|
| 710 | 2 |
_aBooks24x7, Inc. _925760 |
|
| 856 | 4 | 0 |
_uhttp://www.columbia.edu/cgi-bin/cul/resolve?clio3333328 _zClick here for full text. |
| 942 |
_2lcc _cBK |
||
| 999 |
_c58941 _d58915 |
||